The design, delivery and management of healthy buildings: (Record no. 121676)

MARC details
000 -LEADER
fixed length control field 01874nam a22002177a 4500
008 - FIXED-LENGTH DATA ELEMENTS--GENERAL INFORMATION
fixed length control field 231011s2023 xxk|||||o|||| 00| 0 eng d
020 ## - INTERNATIONAL STANDARD BOOK NUMBER
ISBN 9781783215058
041 ## - LANGUAGE CODE
Language code of text/sound track or separate title eng
110 ## - MAIN ENTRY--CORPORATE NAME
Corporate author Royal Institution of Chartered Surveyors
245 ## - TITLE STATEMENT
Title The design, delivery and management of healthy buildings:
Subtitle a practical guide
Medium [Electronic resource]
250 ## - EDITION
Edition statement 1st ed.
260 ## - PUBLICATION INFORMATION
Place of publication London,
Publisher Royal Institution of Chartered Surveyors,
Date October 2023
300 ## - PHYSICAL DESCRIPTION
Physical description 53p.
490 ## - SERIES TITLE
Series statement RICS Practice Information
520 ## - ABSTRACT
Abstract Health and well-being are becoming a key considerations in built environment design and management for every property professional and discipline. At the same time, it is becoming increasingly challenging for surveyors and other built environment professionals to navigate healthy choices around building design decisions, certifications, products and operations, with new regulations and voluntary standards emerging that require detailed guidance and expertise.<br/><br/>With well-being also forming an important part of the Social ‘S’ of ESG, surveyors, funders and developers are keen to understand, enhance and measure the ways in which their property portfolios can support human health.<br/><br/>This paper is intended as an overview document and ‘one stop shop’ of guidance and key considerations, rather than detailed recommendations and actions for each discipline.
651 ## - SUBJECT ADDED ENTRY--GEOGRAPHIC NAME
Geographic name International
710 ## - ADDED CORPORATE NAME
Added corporate author Royal Institution of Chartered Surveyors
856 ## - ONLINE RESOURCE
Uniform Resource Identifier <a href="https://www.rics.org/profession-standards/rics-standards-and-guidance/sector-standards/real-estate-standards/the-design-delivery-management-of-healthy-buildings-1st-edition">https://www.rics.org/profession-standards/rics-standards-and-guidance/sector-standards/real-estate-standards/the-design-delivery-management-of-healthy-buildings-1st-edition</a>
Public note Available free on RICS.org
856 ## - ONLINE RESOURCE
Uniform Resource Identifier <a href="https://www.isurv.com/downloads/download/2344/the_design_delivery_and_management_of_healthy_buildings">https://www.isurv.com/downloads/download/2344/the_design_delivery_and_management_of_healthy_buildings</a>
Public note Available on isurv (subscription required)
942 ## - ADDED ENTRY ELEMENTS (KOHA)
Suppress in OPAC Do not suppress in OPAC
Holdings
Lost status Damaged status Not for loan Current library Shelving location Date acquired Total Checkouts Full call number Date last seen Price effective from Koha item type
      Virtual Online 11/10/2023   ONLINE PUBLICATION 11/10/2023 11/10/2023 Online material